Accounting : The basis for business decisions /
Enregistré dans:
| Auteur principal: | |
|---|---|
| Autres auteurs: | |
| Format: | Livre |
| Publié: |
London :
McGRAW- hill publishing company ,
c1990.
|
| Édition: | 8th ed. |
| Sujets: | |
| Tags: |
Ajouter un tag
Pas de tags, Soyez le premier à ajouter un tag!
|
MARC
| LEADER | 00000nam a2200000 4500 | ||
|---|---|---|---|
| 020 | |a 9780070422537 |c NA | ||
| 040 | |a MUL |b eng |e AACR | ||
| 082 | |a 657 MEI | ||
| 100 | |a Meigs Robert F. | ||
| 245 | |a Accounting : |b The basis for business decisions / |c Robert F Meigs and Walter B Meigs. | ||
| 250 | |a 8th ed. | ||
| 260 | |a London : |b McGRAW- hill publishing company , |c c1990. | ||
| 300 | |a xv , 219 p . ; |b ill |c 23 cm | ||
| 546 | |a eng. | ||
| 650 | |a Accounting | ||
| 650 | |a Managerial accounting | ||
| 700 | |a Walter B Meigs. | ||
| 942 | |c BK | ||
| 999 | |c 3809 |d 3809 | ||